000 01625nam a22003497i 4500
003 EG-GICUC
005 20260210182528.0
008 260210r19971996ua ||||fr|||| 00| 0 ara d
017 _a96/13518
020 _a9771922173
040 _a EG-GICUC
_bara
_c EG-GICUC
_d EG-GICUC
_erda
041 0 _aara
082 0 4 _a343.3
_bم ح . ش
_221
092 0 4 _221
099 _aLaw1 10 343.3 م ح . ش 2 ed - 1997 1005811
100 0 _aمحمد عيد الغريب
_eمؤلف.
245 1 0 _aشرح قانون الاجراءات الجنائية.
_nالجزء الثاني،
_pتنظيم القضاء الجنائي وإختصاصه، التحقيق النهائي، إشكالات التنفيذ، بطلان الاجراءات، طرق الطعن في الأحكام /
_cالدكتور محمد عيد الغريب.
250 _aالطبعة الثانية،
_bمزيدة ومنقحة طبقا لاخر التعديلات التشريعية والاحكام القضائية
264 1 _aالقاهرة :
_b{دون دار نشر}،
_c1997.
300 _a2152 صفحة ؛
_c24 سم.
_bإيضاحيات، صور، مثيليات ؛
336 _2rda content
_atext
337 _2rda media
_aComputer
338 _2rda carrier
_aOnline Resource
504 _aيشتمل على ارجاعات ببليوجرافية.
546 _aالنص باللغة العربية
650 1 4 _a قانون الإجراءات الجنائية
_2qrmak
650 1 4 _aالقانون الجنائي
_2qrmak
651 1 _2qrmak
856 4 0 _uhttps://fll.law.cu.edu.eg/fulltext/bks/B10-05811.pdf
905 _a18
942 _2ddc
_cBK
_e21
_n0
999 _c62478
_d62478